Films très mal décrits #3 - Statistiques

Statistiques générales
  • Ce quiz a été pris 919 fois
  • Le résultat moyen est 8 sur 9
Statistiques - réponses
Hint Réponse % Correct
Une vieille dame sur un bateau raconte comment elle est tombée amoureuse d’un gars sans argent, et comment leur histoire a littéralement coulé. Titanic
99%
Des adultes s'acharnent sur un pauvre type chauve et nu, qui ne veut rien d'autre que trouver un anneau qu’il a perdu dans les bois il y a des siècles. Le Seigneur des Anneaux
97%
Un singe avec des super bras kidnappe une fille et grimpe en haut d’un immeuble, parce que… pourquoi pas ? King Kong
92%
Un ado en pyjama rouge décide de sauver la ville en lançant un truc qui colle, mais passe plus de temps à rater ses examens qu’à attraper les méchants. Spider-Man
92%
Un gars tout maigre prend un sérum qui le transforme en bodybuilder patriote avec un bouclier de frisbee, et il décide de botter les fesses de méchants en uniforme pendant 70 ans. Captain America
85%
Deux agents secrets mal assortis protègent des aliens qui se déguisent en humains, alors qu’ils se font attaquer par un gros cafard. Men in Black
83%
Une vieille sorcière qui a la flemme d'aller à l'épicerie transforme sa belle-fille en femme de ménage pendant des années, jusqu'à ce qu’un mec sans chaussures la sauve. Cendrillon
82%
Un gars qui déteste Noël décide de voler des cadeaux, mais se fait attendrir par un village de gens bizarres qui chantent sans arrêt. Pas d'explosion, mais beaucoup de poésie. Le Grinch
81%
Un gars qui parle tout seul sur une île déserte et qui fait copain-copain avec un ballon de volley. Le ballon devient rapidement le meilleur acteur du film. Seul au Monde
60%
Aucun quiz correspondant
Distribution des résultats
% des personnes avec chaque résultat
Percentile par nombre de réponses
Votre historique - résultats
Vous n’avez pas pris ce quiz